Reinar después de morir o Doña Inés de Castro

保存先:
書誌詳細
第一著者: Vélez de Guevara, Luis
フォーマット: 図書
言語:Undetermined
出版事項: Buenos Aires, Argentina Sopena 1940
主題:
タグ: タグ追加
タグなし, このレコードへの初めてのタグを付けませんか!

MARC

LEADER 00000nam a2200000Ia 4500
008 170316s9999 xx 000 0 und d
090 |a 862 V-16re 
100 |a Vélez de Guevara, Luis 
245 |a Reinar después de morir o Doña Inés de Castro 
260 |a Buenos Aires, Argentina 
260 |b Sopena 
260 |c 1940 
300 |a 153 páginas 
650 |a LITERATURA ESPAÑOLA 
999 |c 25948  |d 25948 
040 |a cru BVZT 
942 |c 15 D  |h 862 V-16re  |2 z